Annuaire Européen Vol.37

Enregistré dans:
Détails bibliographiques
Format: Livre
Langue:néerlandais
Publié: Dordrecht Nijhoff 1991
Édition:1. éd.
Tags: Ajouter un tag
Pas de tags, Soyez le premier à ajouter un tag!

MARC

LEADER 00000nam a2200000 4500
001 c024196
005 20260116093212.9
041 0 |a dut 
044 |a NL 
245 1 0 |a Annuaire Européen  |b Vol.37 
250 |a 1. éd. 
264 1 |a Dordrecht  |b Nijhoff  |c 1991 
300 |a Prer. s.